=LDR 00000nam 2200000 4500 =001 INLIS000000000006159 =005 20251105101931 =035 ##$$a 0010-1125000033 =007 ta =008 251105###########################0#ind## =082 ##$$a 304.609 =084 ##$$a 304.609 HUG b =100 #$$a Hugh Ohaire =245 1#$$a Beyond Family Planning In Indonesia /$c Badan Koordinasi Keluarga Berencana Nasional =260 ##$:$b Badan Koordinasi Keluarga Berencana Nasional =300 ##$$a 6 Hal : $b Ilus ; $c 21 =650 #4$$a Keluarga Berencana =856 ##$$a Perpustakaan Kemendukbangga